[Event "Chess24 Banter Blitz Cup"]
[Site "chess24.com INT"]
[Date "2020.01.10"]
[Round "2.12"]
[White "Hauge, Lars Oskar"]
[Black "Donchenko, Alexander"]
[Result "0-1"]
[WhiteTitle "IM"]
[BlackTitle "GM"]
[WhiteElo "2483"]
[BlackElo "2631"]
[WhiteFideId "1509276"]
[BlackFideId "24603295"]
[EventDate "2019.09.25"]
[EventType "blitz"]

1. f4 d5 2. Nf3 Nf6 3. g3 g6 4. Bg2 Bg7 5. O-O c5 6. d3 Nc6 7. c3 O-O 8. Qe1 d4
9. Bd2 Rb8 10. Na3 b5 11. Nc2 Nd5 12. Rc1 Bb7 13. cxd4 cxd4 14. Qf2 Qb6 15. h4
Nf6 16. Nh2 e6 17. Na1 Ne7 18. Nb3 Bxg2 19. Qxg2 Nf5 20. g4 Ne3 21. Bxe3 dxe3
22. Qc6 Nd5 23. Qxb6 axb6 24. d4 Ra8 25. a3 Rfc8 26. f5 exf5 27. gxf5 Re8 28.
Nf3 Re4 29. fxg6 hxg6 30. Rc6 Rae8 31. Kh2 Bh6 32. Kg3 Bf4+ 33. Kg2 Bb8 34. Rfc1
Rg4+ 35. Kf1 Bg3 36. Rc8 Rxc8 37. Rxc8+ Kg7 38. Rd8 Nf4 39. Nc1 Bxh4 40. Nd3
Bxd8 41. Nde5 Rg3 42. d5 Nxd5 43. Nd3 Bf6 44. Nde1 Rh3 45. Ng2 Rh1+ 0-1

[Event "Chess24 Banter Blitz Cup"]
[Site "chess24.com INT"]
[Date "2020.01.10"]
[Round "2.13"]
[White "Donchenko, Alexander"]
[Black "Hauge, Lars Oskar"]
[Result "1-0"]
[WhiteTitle "GM"]
[BlackTitle "IM"]
[WhiteElo "2631"]
[BlackElo "2483"]
[WhiteFideId "24603295"]
[BlackFideId "1509276"]
[EventDate "2019.09.25"]
[EventType "blitz"]

1. c4 e5 2. Nc3 Nc6 3. g3 f5 4. Nf3 e4 5. Nh4 d6 6. d3 Be7 7. Ng2 exd3 8. Qxd3
Nf6 9. Nf4 Ne5 10. Qc2 c6 11. b3 O-O 12. Bg2 Bd7 13. O-O Qc7 14. Bb2 Rae8 15.
Rad1 Bc8 16. e3 Nf7 17. Nfe2 Ne5 18. Nd4 g6 19. Nce2 Nh5 20. Nf4 Nxf4 21. exf4
Ng4 22. Rfe1 Nf6 23. Ne6 Bxe6 24. Rxe6 Qd7 25. Ree1 Bd8 26. Rxe8 Rxe8 27. Ba3
Ne4 28. Bxe4 Rxe4 29. Rxd6 Qe8 30. Rd1 Bf6 31. Kf1 Re6 32. Bb2 Bxb2 33. Qxb2 Qe7
34. Qd4 Qe8 35. Qxa7 Re7 36. Qd4 Qf7 37. Kg2 Re8 38. h4 Re7 39. Qd8+ Re8 40. Qd7
Re7 41. Qd6 Re8 42. Rd2 Re7 43. a4 Re8 44. a5 Re7 45. Qd4 Re6 46. b4 Re7 47. b5
Re4 48. Qd8+ Re8 49. Qd3 Re4 50. bxc6 b6 51. axb6 Rd4 52. Qxd4 1-0

[Event "Chess24 Banter Blitz Cup"]
[Site "chess24.com INT"]
[Date "2020.01.15"]
[Round "1.1"]
[White "Gokerkan, Cem Kaan"]
[Black "Jones, Gawain C B"]
[Result "1-0"]
[WhiteTitle "IM"]
[BlackTitle "GM"]
[WhiteElo "2452"]
[BlackElo "2688"]
[WhiteFideId "6336760"]
[BlackFideId "409561"]
[EventDate "2019.09.25"]
[EventType "blitz"]

1. e4 c5 2. Nf3 g6 3. d4 cxd4 4. Nxd4 Nf6 5. Nc3 d6 6. Be3 Bg7 7. f3 Nc6 8. Qd2
O-O 9. g4 Bxg4 10. fxg4 Nxg4 11. Nb3 Rc8 12. Be2 Nxe3 13. Qxe3 Nb4 14. Bd3 d5
15. Nxd5 Nxd5 16. exd5 Bxb2 17. Rd1 Qxd5 18. O-O Qe6 19. Qxe6 fxe6 20. Rxf8+
Kxf8 21. Re1 e5 22. Kg2 Kg7 23. Nd2 Bc3 24. Re2 b6 25. Nf3 Kf6 26. Rf2 Kg7 27.
Ng5 Kh6 28. Ne4 Bd4 29. Rf7 Rc7 30. Ng3 Kg5 31. Rxh7 Kf4 32. Bxg6 a5 33. Bd3 Ke3
34. Nf5+ Kd2 35. Nxd4 exd4 36. h4 b5 37. h5 Rc5 38. h6 Rh5 39. Rh8 e5 40. h7
Rg5+ 41. Kf3 Rh5 42. Re8 Rxh7 43. Bxh7 1-0

[Event "Chess24 Banter Blitz Cup"]
[Site "chess24.com INT"]
[Date "2020.01.15"]
[Round "1.2"]
[White "Jones, Gawain C B"]
[Black "Gokerkan, Cem Kaan"]
[Result "1-0"]
[WhiteTitle "GM"]
[BlackTitle "IM"]
[WhiteElo "2688"]
[BlackElo "2452"]
[WhiteFideId "409561"]
[BlackFideId "6336760"]
[EventDate "2019.09.25"]
[EventType "blitz"]

1. e4 c5 2. Nc3 Nc6 3. Bb5 Nd4 4. Nf3 a6 5. Bd3 Nc6 6. O-O g6 7. e5 Bg7 8. Re1
Nh6 9. b3 Ng4 10. Bb2 Ngxe5 11. Nxe5 Nxe5 12. Na4 d6 13. f4 b5 14. Nxc5 Nxd3 15.
Bxg7 Nxe1 16. Bxh8 dxc5 17. Qxe1 Qd5 18. Qe5 Qxe5 19. Bxe5 f6 20. Bc3 Bb7 21. a4
b4 22. Bb2 Rd8 23. d3 a5 24. Re1 Kd7 25. Kf2 Bd5 26. g4 Be6 27. Kg3 Bd5 28. g5
Rf8 29. Re3 Kd6 30. Kg4 Be6+ 31. Kg3 Bd5 32. h4 Be6 33. Re1 Bd5 34. Bc1 Rf7 35.
Be3 Rf8 36. Bg1 Rf7 37. Bh2 Kd7 38. Kg4 Be6+ 39. Kf3 Bd5+ 40. Ke3 Rf8 41. Bg3 e5
42. Rg1 exf4+ 43. Bxf4 Re8+ 44. Kf2 f5 45. Rg3 Bf7 46. Be3 Kc6 47. Rf3 Bd5 48.
Rf4 Bf7 49. h5 gxh5 50. Rxf5 Bd5 51. Rf6+ Re6 52. Rf8 Rg6 53. Rc8+ Kd7 54. Rxc5
Bc6 55. Rxa5 h4 56. Ra7+ Ke6 57. Rxh7 Kf5 58. Rxh4 Re6 59. Rxb4 1-0

[Event "Chess24 Banter Blitz Cup"]
[Site "chess24.com INT"]
[Date "2020.01.15"]
[Round "1.3"]
[White "Gokerkan, Cem Kaan"]
[Black "Jones, Gawain C B"]
[Result "1-0"]
[WhiteTitle "IM"]
[BlackTitle "GM"]
[WhiteElo "2452"]
[BlackElo "2688"]
[WhiteFideId "6336760"]
[BlackFideId "409561"]
[EventDate "2019.09.25"]
[EventType "blitz"]

1. e4 e5 2. Nf3 Nc6 3. Bc4 Nf6 4. Ng5 d5 5. exd5 Na5 6. Bb5+ c6 7. dxc6 bxc6 8.
Bd3 Bd6 9. O-O O-O 10. Nc3 h6 11. Nge4 Nxe4 12. Nxe4 Be7 13. Ng3 f5 14. Qh5 e4
15. Be2 Bd7 16. d3 Be8 17. Qh3 Bd7 18. dxe4 fxe4 19. Bg4 Bxg4 20. Qxg4 Kh8 21.
Nh5 Rf7 22. b3 Bc5 23. Bb2 Qg5 24. Qxg5 hxg5 25. Rae1 Re8 26. Ng3 e3 27. fxe3
Rxe3 28. Rxe3 Bxe3+ 29. Kh1 Rxf1+ 30. Nxf1 Bb6 31. Nd2 Kh7 32. g4 Nb7 33. Ne4
Kg6 34. Kg2 Nc5 35. Nxc5 Bxc5 36. Kf3 Bd6 37. h3 Kf7 38. Ke4 g6 39. Bc1 Kf6 40.
c4 Be7 41. a3 Ke6 42. b4 Bf6 43. b5 Kd6 44. Be3 c5 45. a4 Bd8 46. Bd2 Be7 47. a5
Bd8 48. a6 Ke6 49. Be3 Kd6 50. Bxg5 Ba5 51. Bf4+ Kd7 52. Be3 Bb6 53. h4 Ke6 54.
h5 gxh5 55. gxh5 Kf6 56. h6 Kg6 57. Kd5 Kh7 58. Bxc5 1-0

[Event "Chess24 Banter Blitz Cup"]
[Site "chess24.com INT"]
[Date "2020.01.15"]
[Round "1.4"]
[White "Jones, Gawain C B"]
[Black "Gokerkan, Cem Kaan"]
[Result "1/2-1/2"]
[WhiteTitle "GM"]
[BlackTitle "IM"]
[WhiteElo "2688"]
[BlackElo "2452"]
[WhiteFideId "409561"]
[BlackFideId "6336760"]
[EventDate "2019.09.25"]
[EventType "blitz"]

1. e4 c5 2. Nf3 d6 3. Bb5+ Nd7 4. d4 cxd4 5. Qxd4 a6 6. Bxd7+ Bxd7 7. Nc3 e5 8.
Qd3 h6 9. O-O Nf6 10. Nd2 Be7 11. Nc4 Be6 12. Rd1 Bxc4 13. Qxc4 O-O 14. a4 Rc8
15. Qd3 Qc7 16. h3 Qc4 17. Be3 Qxd3 18. Rxd3 Rc4 19. f3 Rfc8 20. Kf2 Rb8 21. a5
Rbc8 22. Ke1 d5 23. exd5 Bb4 24. Bd2 Rd8 25. Ra4 e4 26. fxe4 Nxe4 27. Kf1 Nxd2+
28. Rxd2 Bxc3 29. Rxc4 Bxd2 30. Rc5 Bb4 31. Rc7 Rxd5 32. Rxb7 Bxa5 33. b4 Bd8
34. c4 Rd4 35. c5 Kh7 36. Ke2 Bg5 37. g3 Bf6 38. Ke3 Rc4 39. Kd3 Rc3+ 40. Ke4 a5
41. bxa5 Rxc5 42. a6 Ra5 43. a7 Ra4+ 44. Kd5 Kg6 45. g4 Bd4 46. a8=Q Rxa8 47.
Kxd4 Ra3 48. Ke5 Rxh3 49. Kf4 Rh1 50. Rb6+ f6 51. Rb5 Rf1+ 52. Kg3 f5 53. gxf5+
Rxf5 54. Rb7 Rf6 55. Kg4 Re6 56. Rb5 h5+ 57. Kh4 Re4+ 58. Kg3 Kh6 59. Rb6+ g6
60. Ra6 Rg4+ 61. Kf3 Kg5 62. Ra5+ Kh6 63. Ra1 Rg5 64. Ra6 Rf5+ 65. Kg3 Kg5 66.
Kh3 h4 67. Ra3 Kh5 68. Ra8 Rf3+ 69. Kg2 Kg4 70. Ra4+ Rf4 71. Ra3 h3+ 72. Kh2 g5
73. Rg3+ Kf5 74. Kxh3 g4+ 75. Kg2 Rf3 76. Rxf3+ gxf3+ 77. Kxf3 1/2-1/2

[Event "Chess24 Banter Blitz Cup"]
[Site "chess24.com INT"]
[Date "2020.01.15"]
[Round "1.5"]
[White "Gokerkan, Cem Kaan"]
[Black "Jones, Gawain C B"]
[Result "0-1"]
[WhiteTitle "IM"]
[BlackTitle "GM"]
[WhiteElo "2452"]
[BlackElo "2688"]
[WhiteFideId "6336760"]
[BlackFideId "409561"]
[EventDate "2019.09.25"]
[EventType "blitz"]

1. e4 c5 2. Nf3 g6 3. c3 d6 4. d4 Bg7 5. dxc5 dxc5 6. Qxd8+ Kxd8 7. Bc4 e6 8.
Be3 b6 9. Na3 Bb7 10. O-O-O+ Ke7 11. Nb5 Nd7 12. Nd6 Bc6 13. Bg5+ f6 14. Bh4 g5
15. Bg3 h5 16. h3 Nh6 17. e5 Nxe5 18. Bxe5 fxe5 19. Nxg5 Rad8 20. Nxe6 Rxd6 21.
Rxd6 Kxd6 22. Rd1+ Ke7 23. Nxg7 Bxg2 24. Nxh5 Nf5 25. Rg1 Rxh5 26. Rxg2 Rxh3 27.
Rg8 Rf3 28. Ra8 Rxf2 29. Rxa7+ Kf6 30. Rf7+ Kg5 31. Rf8 e4 32. Be6 Rf1+ 33. Kd2
e3+ 34. Kd3 Rd1+ 35. Kc4 Nd6+ 36. Kb3 e2 37. Rg8+ Kf6 0-1

[Event "Chess24 Banter Blitz Cup"]
[Site "chess24.com INT"]
[Date "2020.01.15"]
[Round "1.6"]
[White "Jones, Gawain C B"]
[Black "Gokerkan, Cem Kaan"]
[Result "1-0"]
[WhiteTitle "GM"]
[BlackTitle "IM"]
[WhiteElo "2688"]
[BlackElo "2452"]
[WhiteFideId "409561"]
[BlackFideId "6336760"]
[EventDate "2019.09.25"]
[EventType "blitz"]

1. e4 c5 2. Nf3 d6 3. Bb5+ Nd7 4. d4 cxd4 5. Qxd4 a6 6. Bxd7+ Bxd7 7. Nc3 e5 8.
Qd3 h6 9. Nd2 Nf6 10. Nc4 Be6 11. a4 Rc8 12. Ne3 Be7 13. O-O O-O 14. Rd1 Qc7 15.
Bd2 Rfd8 16. Be1 Qc6 17. f3 Qb6 18. Bf2 Qxb2 19. Ncd5 Bxd5 20. exd5 Qc3 21. Rab1
Qxd3 22. Rxd3 Rd7 23. Rdb3 Rb8 24. Rb6 a5 25. Be1 Bd8 26. R6b5 e4 27. f4 g6 28.
Kf1 Rc8 29. Rxb7 Rxb7 30. Rxb7 Kg7 31. Rb5 Ra8 32. Nc4 Rc8 33. Ne3 Ra8 34. Bc3
Rc8 35. Bxa5 Bxa5 36. Rxa5 Rc3 37. Ke2 Ra3 38. Ra6 Ra2 39. Kd2 h5 40. g3 h4 41.
gxh4 Nh5 42. f5 Nf4 43. Rxd6 Rxa4 44. f6+ Kh6 45. Rd8 Kh7 46. d6 Ne6 47. Rd7 Kg8
48. c3 Ra5 49. Re7 Ra6 50. d7 Rd6+ 51. Ke1 Nf8 52. Nc4 Rxd7 53. Rxd7 Nxd7 54.
Kd2 Nxf6 55. Ke3 Nd5+ 56. Kd4 1-0

[Event "Chess24 Banter Blitz Cup"]
[Site "chess24.com INT"]
[Date "2020.01.15"]
[Round "1.7"]
[White "Gokerkan, Cem Kaan"]
[Black "Jones, Gawain C B"]
[Result "1/2-1/2"]
[WhiteTitle "IM"]
[BlackTitle "GM"]
[WhiteElo "2452"]
[BlackElo "2688"]
[WhiteFideId "6336760"]
[BlackFideId "409561"]
[EventDate "2019.09.25"]
[EventType "blitz"]

1. e4 c5 2. c3 d5 3. exd5 Qxd5 4. d4 Nc6 5. Nf3 Bf5 6. Be2 e6 7. O-O cxd4 8.
cxd4 Bxb1 9. Rxb1 Nf6 10. b4 Bd6 11. b5 Ne7 12. a4 O-O 13. h3 Nf5 14. Bd3 Rac8
15. Re1 Rfd8 16. Bg5 Bb8 17. Bxf6 gxf6 18. Be4 Qd6 19. Bxf5 exf5 20. Qd3 Qd5 21.
Nh4 Qc4 22. Qf3 Qd5 23. Qh5 Kh8 24. Nxf5 Rg8 25. Ng3 Qxd4 26. Rbd1 Qc5 27. Qxc5
Rxc5 28. Ne4 Rc4 29. Nxf6 Rgc8 30. Rd7 Rc1 31. Kf1 Kg7 32. Ne4 R1c4 33. Ng5 h6
34. Nxf7 R8c7 35. Ne5+ Rxd7 36. Nxc4 Rd4 37. Rc1 Kf6 38. Rc2 Bf4 39. Ke2 Bc7 40.
g3 Rd5 41. Ne3 Rd7 42. Rxc7 Rxc7 43. Nd5+ Ke5 44. Nxc7 Kd6 45. Ne8+ Kc5 46. Ng7
Kb4 47. Nf5 Kxa4 48. Nxh6 Kxb5 49. g4 Kc4 50. g5 Kd5 51. g6 Ke5 52. g7 a5 53.
g8=Q a4 54. Qb8+ Kd4 55. Qxb7 Kc3 56. Qb1 a3 57. Qa1+ Kb3 58. Qxa3+ Kxa3 59. Nf5
Kb4 60. Kf3 Kc5 61. Kf4 Kd5 62. Kg5 Ke6 63. Kg6 Kd7 64. h4 Ke8 65. h5 Kf8 66. h6
Kg8 67. h7+ Kh8 68. Kf7 Kxh7 69. Ne7 Kh6 70. Ng6 Kh5 71. Ne5 Kg5 72. f4+ Kf5 73.
Nd3 Ke4 74. Ke6 Kxd3 75. f5 Kd4 76. f6 Ke4 77. f7 Kd4 78. f8=Q Ke4 79. Qf6 Ke3 1/2-1/2

[Event "Chess24 Banter Blitz Cup"]
[Site "chess24.com INT"]
[Date "2020.01.15"]
[Round "1.8"]
[White "Jones, Gawain C B"]
[Black "Gokerkan, Cem Kaan"]
[Result "0-1"]
[WhiteTitle "GM"]
[BlackTitle "IM"]
[WhiteElo "2688"]
[BlackElo "2452"]
[WhiteFideId "409561"]
[BlackFideId "6336760"]
[EventDate "2019.09.25"]
[EventType "blitz"]

1. e4 c5 2. Nf3 d6 3. Bb5+ Bd7 4. Bxd7+ Nxd7 5. b3 Ngf6 6. Nc3 e6 7. O-O Be7 8.
Bb2 O-O 9. Re1 a6 10. d3 b5 11. Ne2 c4 12. Ng3 cxd3 13. cxd3 Rc8 14. d4 Qa5 15.
d5 exd5 16. Nf5 Rfe8 17. exd5 Bf8 18. Rxe8 Rxe8 19. a3 g6 20. N5d4 Bg7 21. Nc6
Qb6 22. b4 Ne4 23. Bd4 Bxd4 24. Qxd4 Qxd4 25. Nfxd4 Nc3 26. f3 Nxd5 27. a4 bxa4
28. Rxa4 Nc7 29. Kf2 Ne5 30. Ra3 Nxc6 31. Nxc6 Kg7 32. Rd3 Rc8 33. g4 Nb5 34.
Nd4 Rc4 35. Nxb5 axb5 36. Rxd6 Rxb4 37. g5 Rb2+ 38. Kg3 h6 39. h4 hxg5 40. hxg5
b4 41. Rb6 b3 42. Rb7 Rb1 43. Kg2 Kf8 44. Kh2 Ke8 45. Kg2 b2 46. Kh2 Kd8 47. Kg2
Kc8 48. Rb3 Kc7 49. f4 Kd6 50. Rb6+ Kc5 51. Rb8 Kd4 52. Rb4+ Kc3 53. Rb7 Rc1 54.
Rc7+ Kd4 55. Rd7+ Ke4 56. Re7+ Kxf4 57. Rxf7+ Kg4 58. Rb7 0-1

[Event "Chess24 Banter Blitz Cup"]
[Site "chess24.com INT"]
[Date "2020.01.15"]
[Round "1.9"]
[White "Gokerkan, Cem Kaan"]
[Black "Jones, Gawain C B"]
[Result "1-0"]
[WhiteTitle "IM"]
[BlackTitle "GM"]
[WhiteElo "2452"]
[BlackElo "2688"]
[WhiteFideId "6336760"]
[BlackFideId "409561"]
[EventDate "2019.09.25"]
[EventType "blitz"]

1. e4 c5 2. c3 d5 3. exd5 Qxd5 4. d4 Nc6 5. Nf3 Bf5 6. Be2 e6 7. O-O cxd4 8.
cxd4 Bxb1 9. Rxb1 Nf6 10. b4 Bd6 11. b5 Ne7 12. Bd3 h6 13. a4 O-O 14. h3 Rac8
15. Re1 Rfd8 16. Ne5 Bxe5 17. dxe5 Qxd3 18. Qxd3 Rxd3 19. exf6 gxf6 20. Be3 Rc4
21. a5 Ra4 22. Ra1 Rxa1 23. Rxa1 a6 24. bxa6 bxa6 25. Bxh6 Nd5 26. Kf1 f5 27.
Ke2 Rb3 28. Bd2 Kg7 29. Rc1 Rb2 30. Rc6 Nf4+ 31. Kd1 Nd5 32. Rxa6 Kf6 33. Ra8
Ra2 34. h4 f4 35. g3 f3 36. h5 Ra1+ 37. Kc2 Rf1 38. h6 Kg6 39. a6 Rxf2 40. a7
Kh7 41. Rh8+ Kxh8 42. a8=Q+ Kh7 43. Qa7 Nb4+ 44. Kb3 Rxd2 45. Qxf7+ Kxh6 46.
Qf4+ Kh5 47. Qxd2 Nd5 48. Qh2+ Kg5 49. Qh4+ Kf5 50. Kc2 Ne3+ 51. Kd3 f2 52. Qf4+
Kg6 53. Kxe3 1-0

[Event "Chess24 Banter Blitz Cup"]
[Site "chess24.com INT"]
[Date "2020.01.15"]
[Round "1.10"]
[White "Jones, Gawain C B"]
[Black "Gokerkan, Cem Kaan"]
[Result "1-0"]
[WhiteTitle "GM"]
[BlackTitle "IM"]
[WhiteElo "2688"]
[BlackElo "2452"]
[WhiteFideId "409561"]
[BlackFideId "6336760"]
[EventDate "2019.09.25"]
[EventType "blitz"]

1. e4 g6 2. d4 Bg7 3. Nc3 d6 4. Be3 a6 5. Qd2 b5 6. h4 h5 7. O-O-O Nd7 8. Nh3
Bb7 9. Ng5 Rc8 10. f4 c5 11. dxc5 Nxc5 12. e5 b4 13. Nd5 Qa5 14. Kb1 dxe5 15.
fxe5 Nh6 16. Bc4 Ng4 17. Nxe7 Nxe5 18. Nxc8 Bxc8 19. Bxc5 Nxc4 20. Rhe1+ Be6 21.
Qd7# 1-0

[Event "Chess24 Banter Blitz Cup"]
[Site "chess24.com INT"]
[Date "2020.01.15"]
[Round "1.11"]
[White "Gokerkan, Cem Kaan"]
[Black "Jones, Gawain C B"]
[Result "1-0"]
[WhiteTitle "IM"]
[BlackTitle "GM"]
[WhiteElo "2452"]
[BlackElo "2688"]
[WhiteFideId "6336760"]
[BlackFideId "409561"]
[EventDate "2019.09.25"]
[EventType "blitz"]

1. e4 e5 2. Nf3 Nc6 3. Bc4 Bc5 4. c3 Nf6 5. d3 d6 6. Nbd2 a6 7. Bb3 Ba7 8. Nf1
Be6 9. Ng3 d5 10. Qe2 O-O 11. Bg5 d4 12. Nh5 Nxh5 13. Bxd8 Nf4 14. Qc2 Raxd8 15.
Bxe6 fxe6 16. O-O dxc3 17. bxc3 Rxd3 18. Rad1 Nh3+ 19. Kh1 Rxd1 20. Qxd1 Nxf2+
21. Rxf2 Bxf2 22. Qd7 Bc5 23. Qxc7 Rf7 24. Qc8+ Bf8 25. Qxe6 h6 26. g3 g5 27.
Kg2 Kg7 28. h4 Rf6 29. Qd7+ Rf7 30. Qc8 gxh4 31. Nxh4 Ne7 32. Qe6 Rf6 33. Qxe5
Kf7 34. Nf5 Nxf5 35. exf5 b6 36. g4 Be7 37. Qd5+ Kf8 38. Qb7 Kf7 39. Qxa6 h5 40.
Qc4+ Kg7 41. Qc7 Kf7 42. Qc4+ Kg7 43. Qe4 Kf7 44. g5 Rd6 45. f6 Bxf6 46. gxf6
Rxf6 47. Qh7+ Ke6 48. Qxh5 Rf5 49. Qh6+ Rf6 50. Qe3+ Kd7 51. Qd4+ Rd6 52. Qg7+
Kc6 53. Kf3 Rd5 54. Ke4 Rc5 55. Qg6+ Kb5 56. Kd3 Ka5 57. Kc2 Kb5 58. Kb3 Ka5 59.
a4 b5 60. axb5 Rxb5+ 61. Kc2 Rb3 62. Kxb3 Kb5 63. Qb6+ 1-0

[Event "Chess24 Banter Blitz Cup"]
[Site "chess24.com INT"]
[Date "2020.01.15"]
[Round "1.12"]
[White "Jones, Gawain C B"]
[Black "Gokerkan, Cem Kaan"]
[Result "1/2-1/2"]
[WhiteTitle "GM"]
[BlackTitle "IM"]
[WhiteElo "2688"]
[BlackElo "2452"]
[WhiteFideId "409561"]
[BlackFideId "6336760"]
[EventDate "2019.09.25"]
[EventType "blitz"]

1. e4 c5 2. Nf3 d6 3. c3 Nf6 4. Be2 Nc6 5. d4 cxd4 6. cxd4 e6 7. Nc3 Be7 8. O-O
O-O 9. Re1 h6 10. a3 a6 11. h3 b5 12. Be3 Bb7 13. Rc1 Rc8 14. Qd2 Na5 15. Rcd1
Nxe4 16. Qd3 Nxc3 17. bxc3 Nc4 18. Bc1 Qa5 19. Qc2 Nxa3 20. Qa2 Bxf3 21. Bxf3
Nc4 22. Qc2 Nb6 23. Rd3 Na4 24. Bd2 Bg5 25. Bxg5 hxg5 26. Ree3 d5 27. Qd2 Nb6
28. Re1 Na4 29. Rc1 b4 30. cxb4 Rxc1+ 31. Qxc1 Qxb4 32. Qxg5 Qe1+ 33. Kh2 Qxf2
34. Bd1 Nb2 35. Rg3 Qxd4 36. Rg4 Qc3 37. Rg3 Qd4 38. Rg4 Qc3 39. Rg3 Qd4 1/2-1/2

[Event "Chess24 Banter Blitz Cup"]
[Site "chess24.com INT"]
[Date "2020.01.15"]
[Round "1.13"]
[White "Gokerkan, Cem Kaan"]
[Black "Jones, Gawain C B"]
[Result "0-1"]
[WhiteTitle "IM"]
[BlackTitle "GM"]
[WhiteElo "2452"]
[BlackElo "2688"]
[WhiteFideId "6336760"]
[BlackFideId "409561"]
[EventDate "2019.09.25"]
[EventType "blitz"]

1. e4 e5 2. Nf3 Nc6 3. Bc4 Bc5 4. c3 Nf6 5. d3 a6 6. Nbd2 O-O 7. Bb3 h6 8. Qe2
d5 9. exd5 Nxd5 10. Ne4 Be7 11. O-O Bg4 12. h3 Bh5 13. Ng3 Bg6 14. Nxe5 Nxe5 15.
Qxe5 c6 16. Nh5 Nf6 17. Re1 Re8 18. Nxf6+ Bxf6 19. Qxe8+ Qxe8 20. Rxe8+ Rxe8 21.
Be3 Bxd3 22. Rd1 Bf5 23. Bc4 h5 24. Bd3 Rd8 25. Be2 Rxd1+ 26. Bxd1 Be6 27. a3 g6
28. f4 h4 29. Kf2 Kf8 30. Bg4 Ke7 31. Kf3 Bd5+ 32. Kf2 Kd6 33. Be2 b5 34. Bf1 a5
35. Bd4 Bxd4+ 36. cxd4 Be4 37. Ke3 Kd5 38. b4 a4 39. Bd3 Bxd3 40. Kxd3 f5 0-1

[Event "Chess24 Banter Blitz Cup"]
[Site "chess24.com INT"]
[Date "2020.01.15"]
[Round "1.14"]
[White "Jones, Gawain C B"]
[Black "Gokerkan, Cem Kaan"]
[Result "1-0"]
[WhiteTitle "GM"]
[BlackTitle "IM"]
[WhiteElo "2688"]
[BlackElo "2452"]
[WhiteFideId "409561"]
[BlackFideId "6336760"]
[EventDate "2019.09.25"]
[EventType "blitz"]

1. e4 c5 2. Nf3 d6 3. c3 Nf6 4. Be2 e5 5. O-O Nc6 6. d4 cxd4 7. cxd4 exd4 8.
Nxd4 Be7 9. Nc3 O-O 10. h3 Re8 11. Re1 Bf8 12. Bf1 Bd7 13. Bg5 h6 14. Bh4 Be7
15. Ndb5 Be6 16. Bg3 Ne5 17. f4 Nc4 18. f5 Qb6+ 19. Bf2 Nxb2 20. Qc2 Qa5 21.
fxe6 1-0

[Event "Chess24 Banter Blitz Cup"]
[Site "chess24.com INT"]
[Date "2020.01.15"]
[Round "1.15"]
[White "Gokerkan, Cem Kaan"]
[Black "Jones, Gawain C B"]
[Result "1-0"]
[WhiteTitle "IM"]
[BlackTitle "GM"]
[WhiteElo "2452"]
[BlackElo "2688"]
[WhiteFideId "6336760"]
[BlackFideId "409561"]
[EventDate "2019.09.25"]
[EventType "blitz"]

1. e4 e5 2. Nf3 Nc6 3. Bc4 Bc5 4. c3 Nf6 5. d3 a6 6. Bg5 h6 7. Bh4 Be7 8. Nbd2
d6 9. O-O Na5 10. d4 Nxc4 11. Nxc4 Be6 12. Ne3 Nxe4 13. Bxe7 Qxe7 14. dxe5 O-O
15. Qd4 Nc5 16. exd6 Qxd6 17. Qxd6 cxd6 18. Rfd1 Rfd8 19. Nd4 Rac8 20. Ndf5 Rc7
21. Rxd6 Rxd6 22. Nxd6 Na4 23. b3 Nxc3 24. Kf1 Kf8 25. Rc1 b5 26. Ne4 Nd5 27.
Rxc7 Nxc7 28. Ke2 Ke7 29. Kd3 f5 30. Nc5 f4 31. Nd1 Bf5+ 32. Kd4 Kd6 33. Nb7+
Kc6 34. Nd8+ Kd7 35. Nb7 Kc6 36. Nc5 a5 37. Nc3 g5 38. N5e4 b4 39. Ne2 Nb5+ 40.
Ke5 Bxe4 41. Kxe4 Kc5 42. Kd3 Kd5 43. h4 Ke5 44. hxg5 hxg5 45. g3 f3 46. Nc1 Kd5
47. Ke3 Nd4 48. Nd3 g4 49. Kf4 Nc2 50. Kxg4 Kd4 51. Nxb4 Nxb4 52. Kxf3 Nxa2 53.
g4 Ke5 54. g5 Nc1 55. g6 Kf6 56. Ke4 Kxg6 57. Kd4 Nxb3+ 58. Kc3 a4 59. Kb2 Nc5
60. f3 Ne4 61. f4 1-0

[Event "Chess24 Banter Blitz Cup"]
[Site "chess24.com INT"]
[Date "2020.01.15"]
[Round "1.16"]
[White "Jones, Gawain C B"]
[Black "Gokerkan, Cem Kaan"]
[Result "1-0"]
[WhiteTitle "GM"]
[BlackTitle "IM"]
[WhiteElo "2688"]
[BlackElo "2452"]
[WhiteFideId "409561"]
[BlackFideId "6336760"]
[EventDate "2019.09.25"]
[EventType "blitz"]

1. e4 c5 2. Nf3 d6 3. c3 Nf6 4. Be2 Nc6 5. d4 cxd4 6. cxd4 e6 7. Nc3 Be7 8. O-O
O-O 9. Re1 a6 10. h3 b5 11. Bd3 e5 12. d5 Na5 13. b3 Bd7 14. Ne2 Nb7 15. Ng3 Nc5
16. Bc2 a5 17. Be3 Qc7 18. Rc1 Rfc8 19. Bb1 Qb6 20. Nh4 g6 21. Nf3 b4 22. Qd2 a4
23. bxa4 Bxa4 24. Bg5 Ncd7 25. h4 h5 26. Be3 Qb7 27. Bg5 b3 28. axb3 Bxb3 29.
Bd3 Nc5 30. Rc3 Ba4 31. Rb1 Qa7 32. Qe3 Qa5 33. Rbc1 Bd7 34. Nh2 Nxd3 35. Rxc8+
Rxc8 36. Rxc8+ Bxc8 37. Qxd3 Qe1+ 38. Nhf1 Qa1 39. Qc2 Qa8 40. Qc6 Bb7 41. Qc7
Kf8 42. Bh6+ Ke8 43. Bg5 Qc8 44. Qxc8+ Bxc8 45. f3 Nd7 46. Bxe7 Kxe7 47. Ne3 Ba6
48. Kf2 Nb6 49. Ke1 Na4 50. Kd2 Nc5 51. Ne2 Nb3+ 52. Ke1 Bxe2 53. Kxe2 Nd4+ 54.
Kf2 f5 55. g4 f4 56. Nc4 Nb5 57. g5 Nd4 58. Nd2 Nb5 59. Nb3 Nc3 60. Ke1 Nd1 61.
Kxd1 Kd7 62. Kd2 Kc7 63. Kc3 Kb6 64. Kb4 Ka6 65. Nd2 Kb6 66. Nc4+ Ka6 67. Nxd6
Kb6 68. Nc4+ Kc7 69. Kc5 Kd7 70. d6 Ke6 71. Kc6 Kf7 72. d7 Ke7 73. Kc7 Kf7 74.
d8=Q Kg7 75. Qf6+ Kh7 76. Qxe5 Kg8 77. Kd7 Kh7 78. Qe7+ Kg8 79. Ke6 Kh8 80. Kf6
Kg8 81. Qg7# 1-0

[Event "Chess24 Banter Blitz Cup"]
[Site "chess24.com INT"]
[Date "2020.01.20"]
[Round "2.1"]
[White "Gustafsson, Jan"]
[Black "Edouard, Romain"]
[Result "0-1"]
[WhiteTitle "GM"]
[BlackTitle "GM"]
[WhiteElo "2645"]
[BlackElo "2641"]
[WhiteFideId "4625498"]
[BlackFideId "633429"]
[EventDate "2019.09.25"]
[EventType "blitz"]

1. d4 Nf6 2. c4 b6 3. Nc3 Bb7 4. Qc2 d5 5. Nf3 g6 6. cxd5 Nxd5 7. e4 Nxc3 8.
bxc3 Bg7 9. h4 h6 10. h5 g5 11. Bc4 e6 12. O-O Nd7 13. a4 a6 14. e5 g4 15. Nh2
Qh4 16. Qe2 Qxh5 17. Nxg4 Rg8 18. f3 Bf8 19. Bf4 Be7 20. Kf2 Bh4+ 21. g3 Bg5 22.
Rh1 Qg6 23. Bd3 Qg7 24. Be4 O-O-O 25. Bxb7+ Kxb7 26. Qe4+ c6 27. c4 f5 28. exf6
Nxf6 29. Nxf6 Bxf6 30. Be5 Rxd4 31. Qxd4 Bxe5 0-1